000 00295nam a2200097Ia 4500
082 _ampl-13
245 0 _aEasy guide to sewing : tops and t-shirts, skirts, and pants
100 _a MacIntyre, Lynn Newtown, CT, [c.2009]
_982618
942 _cBK
008 210817s9999 xx 000 0 und d
999 _c299076
_d299074